| 000 | 00568nam a2200205Ia 4500 | ||
|---|---|---|---|
| 003 | LDD | ||
| 008 | 181105s9999 xx 000 0 und d | ||
| 020 |
_a354041598X _c4187.90 |
||
| 040 | _cLDD | ||
| 082 | _a530.124 C66H | ||
| 100 | _aCohen, C. Gary | ||
| 245 | 0 |
_aHigher-order numerical methods for transient wave equations _cC. Gary Cohen |
|
| 260 |
_aNew York _bSpringer _c2006 |
||
| 300 | _axviii, 348 | ||
| 365 | _bE 69.95 | ||
| 901 |
_a3491 _b17-11-2006 |
||
| 902 |
_a48879 _b14-12-2006 _cF _dHBA _eNBHM |
||
| 903 |
_a10 _bReqst by : Mital, |
||
| 942 |
_2ddc _cMP |
||
| 999 |
_c147444 _d147444 |
||